000 00655nam a2200265Ia 4500
005 20260121173453.0
008 008 260114s9999 xx 000 0 eng d
020 _a9783031136740
037 _aEBOOK
040 _aCRL
040 _beng
040 _cCRL
041 _2eng
041 _aeng
084 _qCRL
100 _aBoaz Ganor, Liram Koblentz-Stenzler
_91101280
245 0 _aIsrael’s Targeted Killing Policy
260 _bSpringer
260 _bSpringer
260 _c2022
856 _uhttps://link.springer.com/openurl?genre=book&isbn=978-3-031-13674-0
942 _cEBOOK
999 _c1667025
_d1667025